| 000 | 00762nam a22002657a 4500 | ||
|---|---|---|---|
| 001 | 7669 | ||
| 003 | FISKH | ||
| 005 | 20250730150739.0 | ||
| 008 | 250730b cb ||||| |||| 00| 0 eng d | ||
| 020 | _a9781846433757 | ||
| 040 |
_aFISKH _beng _cFISKH _dFISKH |
||
| 050 | _aQP456 .K83 | ||
| 082 | _a823.91 | ||
| 100 | _aKubler, Annie | ||
| 245 | _aWhat can I taste? | ||
| 260 |
_aSwindon : _bChild's Play, _c2011. |
||
| 300 |
_a10 unnumbered pages : _bcolor illustrations ; _c16 cm |
||
| 505 | _aC | ||
| 520 | _aFrom a soft, fruity banana to sweet trickles of juice, babies explore the sense of taste. | ||
| 521 | 8 |
_a40
_bLexile estimate |
|
| 521 | 8 |
_aC _bRaz-Plus |
|
| 650 |
_aAll About Me _vFive Senses |
||
| 942 |
_2ddc _cBK _n0 |
||
| 999 |
_c7669 _d7669 |
||